| 000 | 00525nam a22001937a 4500 | ||
|---|---|---|---|
| 003 | OSt | ||
| 005 | 20160701143213.0 | ||
| 008 | 160701b xxu||||| |||| 00| 0 eng d | ||
| 020 | _a0192621203 | ||
| 040 | _cDNLM. | ||
| 082 | _a617.632PAT 2003. | ||
| 100 |
_aWilliams,M.David;[et...al] _99852 |
||
| 245 | _aPathology in periodontal disease. | ||
| 260 |
_aNew York. _bOxford University Press. _c2003. |
||
| 300 |
_aviii,150p; _bcol,ill; _c30cm. |
||
| 504 | _aincludes index. | ||
| 650 |
_aPathology. _937 |
||
| 942 |
_2z _cO_SHELF |
||
| 999 |
_c4591 _d4591 |
||